الموجز الوافي في علمي العروض والقوافي

محفوظ في:

المؤلف الرئيسي: ن. ج..

مؤلفون آخرون: م. أ..

التنسيق: كتاب

اللغة: Undetermined

منشور في: Cairo Ain Shams Press

الوسوم: إضافة وسم

لا توجد وسوم, كن أول من يضع وسما على هذه التسجيلة!

رقم الطلب: P15 MUGA

LEADER 00365nam a2200133Ia 4500
008 240404s9999||||xx |||||||||||||| ||und||
050 4 |a P15 MUGA 
100 1 |a ن. ج.. 
245 1 0 |a الموجز الوافي في علمي العروض والقوافي  |c ن. ج. 
264 1 |a Cairo  |b Ain Shams Press 
300 |a 116  |c 20 
700 1 |a م. أ.. 
942 |2 lcc  |c BK 
999 |c 57958  |d 57958